আশার ছলনে ভুলি / (Record no. 28737)

MARC details
000 -LEADER
fixed length control field 00795nam a22001937a 4500
003 - CONTROL NUMBER IDENTIFIER
control field BDDh-ASL
005 - DATE AND TIME OF LATEST TRANSACTION
control field 20231016062619.0
008 - FIXED-LENGTH DATA ELEMENTS--GENERAL INFORMATION
fixed length control field 220510s20061995ii ||||| |||| 00| 0 b d
040 ## - CATALOGING SOURCE
Transcribing agency BDDh-ASL
082 ## - DEWEY DECIMAL CLASSIFICATION NUMBER
Classification number 920.71
Item number MUA
100 1# - MAIN ENTRY--PERSONAL NAME
9 (RLIN) 6142
Personal name মুরশিদ, গোলাম
245 10 - TITLE STATEMENT
Title আশার ছলনে ভুলি /
246 ## - VARYING FORM OF TITLE
Title proper/short title Ashar Cholone Bhuli
260 ## - PUBLICATION, DISTRIBUTION, ETC.
Place of publication, distribution, etc. কলকাতা:
Name of publisher, distributor, etc. আনন্দ পাবলিশার্স প্রাইভেট লিমিটেড,
Date of publication, distribution, etc. ২০০৬।
300 ## - PHYSICAL DESCRIPTION
Extent ৪১৯ পৃষ্ঠা:
Dimensions ২৪ সে.মি.
504 ## - BIBLIOGRAPHY, ETC. NOTE
Bibliography, etc. note গ্রন্থপঞ্জি ও নির্ঘণ্ট সংযুক্ত ।
650 #0 - SUBJECT ADDED ENTRY--TOPICAL TERM
Topical term or geographic name entry element biographical dictionary - চরিতাভিধান
9 (RLIN) 4665
942 ## - ADDED ENTRY ELEMENTS (KOHA)
Source of classification or shelving scheme Dewey Decimal Classification
Koha item type Books
Holdings
Withdrawn status Lost status Source of classification or shelving scheme Damaged status Not for loan Collection code Home library Current library Shelving location Date acquired Source of acquisition Total Checkouts Full call number Barcode Date last seen Copy number Price effective from Koha item type
    Dewey Decimal Classification     Non-fiction Asiatic Society Library Asiatic Society Library Sirajul Islam Collection 05/10/2022 Donated by Prof. Sirajul Islam FRHS   920.71 MUA 116780 05/10/2022 C-1 05/10/2022 Books

Powered by Koha